Tour de France 2023 - Top 30 der Gesamtwertung - Statistiken

Allgemein
  • Dieses Quiz wurde 145 mal gespielt
  • Das Durchschnittsergebnis liegt bei 15 aus 30
Antwortstatistiken
# Fahrer Team Zeit % Korrekt
1 Jonas Vingegaard Team Jumbo-Visma 82:05:42h
99%
2 Tadej Pogačar UAE Team Emirates +7:29m
98%
3 Adam Yates UAE Team Emirates +10:56m
93%
4 Simon Yates Team Jayco-AlUla +12:23m
93%
12 Sepp Kuss Team Jumbo-Visma +37:32m
89%
7 Jai Hindley BORA-hansgrohe +14:44m
87%
5 Carlos Rodriguez Ineos Grenadiers +13:17m
77%
11 Thibaut Pinot Groupama-FDJ +28:03m
70%
8 Felix Gall AG2R Citroën Team +16:09m
69%
9 David Gaudu Groupama-FDJ +23:08m
63%
21 Emanuel Buchmann BORA-hansgrohe +1:15:44h
63%
10 Guillaume Martin Cofidis +26:30m
59%
13 Thomas Pidcock Ineos Grenadiers +47:52m
57%
6 Pello Bilbao Bahrain Victorious +13:27m
56%
18 Wilco Kelderman Team Jumbo-Visma +1:06:46h
49%
14 Rafal Majka UAE Team Emirates +56:09m
46%
17 Ben O‘Connor AG2R Citroën Team +1:04:59h
45%
19 Mikel Landa Bahrain Victorious +1:12:41h
33%
30 Tobias Johannessen Uno-X Pro Cycling Team +2:15:33h
31%
23 Felix Großschartner UAE Team Emirates +1:45:21h
29%
22 Warren Barguil Team Arkéa-Samsic +1:17:06h
29%
27 Wout Poels Bahrain Victorious +2:05:44h
27%
24 Tiesj Benoot Team Jumbo-Visma +1:46:55h
25%
20 Valentin Madouas Groupama-FDJ +1:14:10h
23%
29 Mattias Skjelmose Jensen Lidl-Trek +2:15:27h
21%
15 Jonathan Castroviejo Ineos Grenadiers +56:37m
19%
26 Bob Jungels BORA-hansgrohe +1:58:46h
16%
16 Chris Harper Team Jayco- AlUla +57:29m
14%
28 Jack Haig Bahrain Victorious +2:10:32h
10%
25 Clément Berthet AG2R Citroën Team +1:50:19h
9%
Keine übereinstimmenden Quizze gefunden
Verteilung der Resultate
Anzahl Personen mit jedem Resultat
Perzentil nach korrekt beantworteten Fragen
Ihre Resultats-Entwicklung
Sie haben dieses Quiz noch nicht gespielt